[Event "SWE-ch U20"]
[Site "Gothenburg"]
[Date "2006.07.10"]
[Round "9"]
[White "Nithander, Victor"]
[Black "Ljungberg, Roger"]
[Result "1-0"]
[WhiteElo "2406"]
[BlackElo "2001"]
[PlyCount "151"]
[EventDate "2006.07.01"]
[EventType "tourn"]
[EventRounds "13"]
[EventCountry "SWE"]
[SourceTitle "EXT 2008"]
[Source "ChessBase"]
[SourceDate "2007.11.25"]
[SourceVersion "1"]
[SourceVersionDate "2007.11.25"]
[SourceQuality "1"]

1. e4 e6 2. d4 d5 3. Nd2 Nf6 4. e5 Nfd7 5. f4 c5 6. c3 Nc6 7. Ndf3 cxd4 8. cxd4 Qb6 9. g3 Be7 10. h4 a5 11. a4 Ndb8 12. Kf2 Na6 13. Kg2 Bd7 14. Ne2 0-0-0 15. Nc3 Nab4 16. Be3 Kb8 17. Qd2 h5 18. Be2 Ka8 19. Bf2 f6 20. exf6 gxf6 21. Rhe1 Be8 22. Bb5 Bf7 23. Re2 Rhe8 24. Rae1 Qc7 25. Qc1 Qb8 26. Qb1 Bd6 27. Kf1 Re7 28. Na2 Rg8 29. Nxb4 Nxb4 30. Qd1 Qc8 31. Re3 Rc7 32. Bd3 Nxd3 33. Qxd3 Bb4 34. Ra1 Bg6 35. Qd1 Bc2 36. Qe2 Bf5 37. Ne1 Bg4 38. Qb5 Bh3+ 39. Kg1 Bd2 40. Kh2 Bxe3 41. Bxe3 Bf5 42. Qxa5+ Kb8 43. Bd2 Rc6 44. Ra3 Qc7 45. Qb5 Qb6 46. Qxb6 Rxb6 47. Bc3 Be4 48. Ng2 Bxg2 49. Kxg2 Rc6 50. Ra1 Rc4 51. Re1 Re8 52. f5 Rxa4 53. fxe6 Kc7 54. Rf1 Kd6 55. Rxf6 Rxe6 56. Rf5 b5 57. Kf3 b4 58. Bd2 b3 59. Rxh5 Rc4 60. Rh7 Re7 61. Rh8 Kd7 62. Rb8 Rxd4 63. Bf4 Rd3+ 64. Kf2 Re4 65. h5 Re8 66. Rb6 Re6 67. h6 Rd1 68. Rxb3 d4 69. h7 Rh1 70. Kg2 Rxh7 71. Rb7+ Kc6 72. Rxh7 Re2+ 73. Kf3 Rxb2 74. Ke4 Rb4 75. Rc7+ Kb6 76. Rd7 1-0

[Event "SWE-ch U20"]
[Site "Gothenburg"]
[Date "2006.07.07"]
[Round "7"]
[White "De Verdier, Michael Carl Adam"]
[Black "Ljungberg, Roger"]
[Result "1-0"]
[WhiteElo "2132"]
[BlackElo "2001"]
[PlyCount "79"]
[EventDate "2006.07.01"]
[EventType "tourn"]
[EventRounds "13"]
[EventCountry "SWE"]
[SourceTitle "EXT 2008"]
[Source "ChessBase"]
[SourceDate "2007.11.25"]
[SourceVersion "1"]
[SourceVersionDate "2007.11.25"]
[SourceQuality "1"]

1. Nf3 Nf6 2. c4 c5 3. Nc3 d5 4. cxd5 Nxd5 5. e4 Nb4 6. Bc4 Nd3+ 7. Ke2 Nf4+ 8. Kf1 Ne6 9. b4 g6 10. bxc5 Bg7 11. Bxe6 Bxe6 12. d4 Nc6 13. Be3 Qa5 14. Qc2 0-0-0 15. Ne2 Qa6 16. Rd1 f5 17. Ng5 Bc4 18. d5 Nb4 19. Qd2 Bc3 20. Qxc3 Bxe2+ 21. Kg1 Bxd1 22. Qxb4 Qxa2 23. c6 bxc6 24. dxc6 Qa6 25. c7 Kxc7 26. Qxe7+ Kb8 27. Bf4+ Ka8 28. Ne6 Rc8 29. h3 Qb7 30. Qf6 fxe4 31. Kh2 Bc2 32. Ra1 Rhe8 33. Be3 Rc6 34. Qd4 a6 35. Nc5 Qc8 36. Qd5 Rd8 37. Rxa6+ Qxa6 38. Qxd8+ Rc8 39. Qd7 Bd3 40. Nxa6 1-0